[Event "Sparkassen-Open A"]
[Site "Heusenstamm, Martinsee"]
[Date "2021.11.20"]
[Round "4.6"]
[White "Poysti, Nathanael"]
[Black "Krastev, Alexander"]
[Result "0-1"]
[WhiteElo "2192"]
[BlackElo "2418"]
[PlyCount "170"]
[EventDate "2021.??.??"]
[WhiteTeam "Wien"]
[BlackTeam "SG Solingen"]

{[%evp 0,11,15,-27,-22,-15,-15,-15,-11,-8,9,4,36,27]} 1. c4 {[%emt 0:00:59]} e5
{[%emt 0:00:54]} 2. Nc3 {[%emt 0:00:13]} Nf6 {[%emt 0:00:08]} 3. Nf3 Nc6 {
[%emt 0:00:04]} 4. e4 {[%emt 0:00:05]} Bc5 {[%emt 0:00:15]} 5. Nxe5 {[%emt 0:
00:05]} Nxe5 {[%emt 0:00:07]} 6. d4 {[%emt 0:00:07]} Bb4 {[%emt 0:00:04]} 7.
dxe5 {[%emt 0:00:05]} Nxe4 {[%emt 0:00:03]} 8. Qf3 {[%emt 0:00:12]} Nxc3 {
[%emt 0:00:03]} 9. bxc3 {[%emt 0:00:09]} Ba5 10. Ba3 {[%emt 0:00:09]} d6 {
[%emt 0:00:30]} 11. Be2 {[%emt 0:00:46]} dxe5 {[%emt 0:31:35]} 12. Rd1 {
[%emt 0:00:14]} Qf6 {[%emt 0:00:25]} 13. Qg3 Be6 {[%emt 0:19:20]} 14. O-O {
[%emt 0:02:58]} Rc8 {[%emt 0:02:52]} 15. Bf3 {[%emt 0:43:02]} c6 {[%emt 0:08:
40]} 16. Bg4 {[%emt 0:16:53]} c5 {[%emt 0:14:05]} 17. Bxe6 {[%emt 0:00:13]}
fxe6 18. Rfe1 {[%emt 0:09:27]} O-O {[%emt 0:00:10]} 19. Qe3 {[%emt 0:06:41]} b6
{[%emt 0:02:20]} 20. f3 {[%emt 0:06:36]} Rcd8 {[%emt 0:06:53]} 21. Bb2 {
[%emt 0:03:46]} Qh4 {[%emt 0:03:10]} 22. Qe4 {[%emt 0:05:58]} Qxe4 {[%emt 0:05:
39]} 23. fxe4 {[%emt 0:00:15]} h6 {[%emt 0:00:10]} 24. Rxd8 {[%emt 0:01:36]}
Rxd8 25. Kf2 {[%emt 0:00:08]} Rd2+ {[%emt 0:03:45]} 26. Re2 Rd7 27. Re1 {
[%emt 0:00:03]} Kf7 {[%emt 0:01:08]} 28. Ke2 Ke7 {[%emt 0:00:10]} 29. a4 {
[%emt 0:00:31]} a6 {[%emt 0:00:15]} 30. Rc1 {[%emt 0:00:13]} Rb7 {[%emt 0:01:
19]} 31. Ba1 {[%emt 0:03:20]} Rb8 {[%emt 0:01:31]} 32. Rd1 Rf8 {[%emt 0:00:15]}
33. Rf1 {[%emt 0:00:12]} Rf4 {[%emt 0:01:08]} 34. Rxf4 {[%emt 0:00:37]} exf4
35. Kf3 {[%emt 0:01:16]} e5 {[%emt 0:00:27]} 36. Kg4 {[%emt 0:00:22]} g6 {
[%emt 0:00:05]} 37. h4 {[%emt 0:00:29]} h5+ {[%emt 0:01:31]} 38. Kf3 {[%emt 0:
00:46]} Kd6 {[%emt 0:00:23]} 39. Bb2 {[%emt 0:00:32]} Kc6 {[%emt 0:00:22]} 40.
Ke2 {[%emt 0:00:38]} Kd6 {[%emt 0:00:31]} 41. Kd3 {[%emt 0:05:20]} Kc6 {
[%emt 0:01:38]} 42. Ba1 {[%emt 0:01:58]} Kd7 {[%emt 0:00:16]} 43. Bb2 {[%emt 0:
00:06]} Ke6 {[%emt 0:00:07]} 44. Ke2 {[%emt 0:01:49]} Kd7 {[%emt 0:13:07]} 45.
Kd3 {[%emt 0:00:03]} Kd6 {[%emt 0:00:06]} 46. Ba1 {[%emt 0:00:19]} Ke6 {
[%emt 0:00:11]} 47. Ke2 b5 {[%emt 0:10:23]} 48. axb5 {[%emt 0:00:20]} axb5 {
[%emt 0:00:30]} 49. cxb5 {[%emt 0:00:47]} c4 {[%emt 0:00:07]} 50. Bb2 {[%emt 0:
01:42]} Kd7 {[%emt 0:00:34]} 51. Ba3 {[%emt 0:04:38]} Bxc3 {[%emt 0:00:59]} 52.
Bc5 {[%emt 0:00:19]} Ba5 {[%emt 0:00:43]} 53. Kd1 {[%emt 0:01:50]} Kc7 {
[%emt 0:01:36]} 54. Bf2 {[%emt 0:00:46]} Bb6 {[%emt 0:00:34]} 55. Be1 {[%emt 0:
00:31]} Bd4 {[%emt 0:04:34]} 56. Ba5+ {[%emt 0:00:10]} Kd6 {[%emt 0:00:15]} 57.
Bb4+ {[%emt 0:00:23]} Kc7 {[%emt 0:00:25]} 58. Ba5+ {[%emt 0:00:19]} Kd7 {
[%emt 0:00:44]} 59. Kc2 {[%emt 0:02:15]} Bf2 {[%emt 0:02:54]} 60. Bc3 {[%emt 0:
00:10]} Ke6 61. Ba5 {[%emt 0:01:32]} Bxh4 {[%emt 0:00:54]} 62. b6 {[%emt 0:00:
46]} Bf2 {[%emt 0:00:07]} 63. b7 {[%emt 0:00:11]} Ba7 {[%emt 0:00:04]} 64. Bd8
{[%emt 0:00:59]} Kd7 {[%emt 0:01:16]} 65. Bf6 {[%emt 0:00:12]} Ke6 {[%emt 0:00:
25]} 66. Bd8 Kd7 {[%emt 0:01:03]} 67. Bf6 {[%emt 0:00:23]} Kc6 {[%emt 0:00:13]}
68. Bxe5 {[%emt 0:00:33]} Kxb7 {[%emt 0:00:12]} 69. Kc3 {[%emt 0:02:42]} g5 {
[%emt 0:00:38]} 70. Kxc4 {[%emt 0:01:37]} Bb8 {[%emt 0:00:47]} 71. Bd4 {
[%emt 0:06:45]} h4 {[%emt 0:00:23]} 72. Bg1 {[%emt 0:04:56]} Kc6 {[%emt 0:00:
12]} 73. Kd3 {[%emt 0:00:29]} Kd6 {[%emt 0:01:02]} 74. Ke2 {[%emt 0:00:29]} g4
{[%emt 0:00:11]} 75. Bd4 Ke6 {[%emt 0:00:22]} 76. Bf2 {[%emt 0:01:26]} f3+ {
[%emt 0:00:50]} 77. Kf1 {[%emt 0:01:34]} fxg2+ {[%emt 0:00:24]} 78. Kxg2 {
[%emt 0:00:11]} h3+ 79. Kh1 {[%emt 0:00:12]} Bf4 {[%emt 0:00:15]} 80. Bh4 {
[%emt 0:01:04]} Ke5 {[%emt 0:00:31]} 81. Kg1 {[%emt 0:00:22]} Be3+ {[%emt 0:01:
23]} 82. Kh2 {[%emt 0:00:31]} Bf4+ 83. Kg1 {[%emt 0:00:13]} Kxe4 {[%emt 0:00:
48]} 84. Be1 Kf3 {[%emt 0:00:16]} 85. Kh1 {[%emt 0:01:03]} Be3 {[%emt 0:01:59]}
0-1

[Event "Sparkassen-Open A"]
[Site "Heusenstamm, Martinsee"]
[Date "2021.11.20"]
[Round "4.7"]
[White "Suvorov, Alexander"]
[Black "Chandler, Patrick"]
[Result "1-0"]
[WhiteElo "2391"]
[BlackElo "2176"]
[PlyCount "49"]
[EventDate "2021.??.??"]
[WhiteTeam "SG Porz"]
[BlackTeam "SV Oberursel"]

{[%evp 0,8,15,19,19,4,5,-16,-5,-12,11]} 1. d4 {[%emt 0:11:36]} Nf6 {[%emt 0:00:
14]} 2. Bg5 {[%emt 0:00:37]} d5 {[%emt 0:00:42]} 3. Bxf6 {[%emt 0:00:04]} gxf6
{[%emt 0:00:23]} 4. e3 {[%emt 0:00:17]} c6 {[%emt 0:00:48]} 5. c4 {[%emt 0:01:
14]} Bf5 {[%emt 0:02:50]} 6. Nc3 {[%emt 0:00:45]} e6 {[%emt 0:00:19]} 7. Bd3 {
[%emt 0:04:11]} Bxd3 {[%emt 0:03:09]} 8. Qxd3 {[%emt 0:00:08]} f5 {[%emt 0:00:
14]} 9. Nf3 {[%emt 0:04:19]} a6 {[%emt 0:01:09]} 10. c5 {[%emt 0:05:58]} Nd7 {
[%emt 0:00:50]} 11. b4 {[%emt 0:06:21]} Qf6 {[%emt 0:00:48]} 12. g3 {[%emt 0:
10:02]} Be7 {[%emt 0:01:38]} 13. Rb1 {[%emt 0:06:34]} O-O {[%emt 0:01:21]} 14.
O-O {[%emt 0:02:12]} Kh8 {[%emt 0:02:52]} 15. Ne2 {[%emt 0:04:23]} Bd8 {
[%emt 0:06:51]} 16. a4 {[%emt 0:02:52]} Bc7 {[%emt 0:01:29]} 17. b5 {[%emt 0:
05:01]} axb5 {[%emt 0:00:32]} 18. axb5 {[%emt 0:00:55]} Rg8 {[%emt 0:00:39]}
19. bxc6 {[%emt 0:07:14]} bxc6 {[%emt 0:00:06]} 20. Rb7 {[%emt 0:00:32]} Rgc8 {
[%emt 0:01:59]} 21. Qc3 {[%emt 0:05:05]} Qg7 {[%emt 0:04:17]} 22. Nf4 {[%emt 0:
08:07]} Nf6 {[%emt 0:02:58]} 23. Ra1 {[%emt 0:01:44]} Ne4 {[%emt 0:00:50]} 24.
Rxa8 {[%emt 0:00:55]} Rxa8 {[%emt 0:00:37]} 25. Qb2 {[%emt 0:01:11]} 1-0

[Event "Sparkassen-Open A"]
[Site "Heusenstamm, Martinsee"]
[Date "2021.11.20"]
[Round "4.8"]
[White "Heimrath, Reiner"]
[Black "Abel, Thomas"]
[Result "1/2-1/2"]
[WhiteElo "2169"]
[BlackElo "2334"]
[PlyCount "136"]
[EventDate "2021.??.??"]
[WhiteTeam "SC Noris-Tarrasch Nürnberg"]
[BlackTeam "VL Bad Vilbel"]

{[%evp 0,10,19,17,38,24,3,-22,-10,-55,12,1,35]} 1. e4 e6 {[%emt 0:00:53]} 2.
Qe2 {[%emt 0:00:17]} Be7 {[%emt 0:01:08]} 3. Qg4 Bf6 {[%emt 0:03:27]} 4. d4 {
[%emt 0:00:55]} d6 {[%emt 0:02:11]} 5. Qd1 {[%emt 0:02:54]} e5 {[%emt 0:01:00]}
6. dxe5 {[%emt 0:05:46]} dxe5 {[%emt 0:00:13]} 7. Qxd8+ {[%emt 0:00:46]} Bxd8
8. Nf3 f6 {[%emt 0:01:33]} 9. Bc4 {[%emt 0:00:17]} Bg4 {[%emt 0:02:37]} 10.
Nfd2 {[%emt 0:00:41]} c6 {[%emt 0:01:28]} 11. Nf1 {[%emt 0:00:13]} Ne7 {
[%emt 0:03:21]} 12. a4 {[%emt 0:07:10]} a5 {[%emt 0:01:09]} 13. Be3 {[%emt 0:
00:39]} Na6 {[%emt 0:04:58]} 14. Nbd2 {[%emt 0:09:26]} Nc8 {[%emt 0:03:29]} 15.
h4 {[%emt 0:07:34]} Bb6 {[%emt 0:03:05]} 16. h5 {[%emt 0:05:07]} h6 {[%emt 0:
07:13]} 17. f3 {[%emt 0:15:26]} Bd7 18. Nb3 {[%emt 0:00:10]} Bxe3 {[%emt 0:16:
10]} 19. Nxe3 {[%emt 0:03:38]} b6 20. O-O-O {[%emt 0:10:53]} Nc7 {[%emt 0:15:
42]} 21. Rd2 {[%emt 0:06:06]} Na7 {[%emt 0:04:26]} 22. Rhd1 {[%emt 0:01:35]}
O-O-O 23. Rd6 {[%emt 0:01:01]} Rhe8 {[%emt 0:05:27]} 24. Bf7 {[%emt 0:03:16]}
Rf8 {[%emt 0:05:15]} 25. Bg6 {[%emt 0:00:51]} Be6 {[%emt 0:02:14]} 26. Bf5 {
[%emt 0:02:01]} Rxd6 {[%emt 0:04:07]} 27. Rxd6 Re8 28. c4 {[%emt 0:07:58]} Bxf5
{[%emt 0:03:55]} 29. Nxf5 {[%emt 0:00:03]} Ne6 30. c5 {[%emt 0:00:34]} bxc5 {
[%emt 0:02:36]} 31. Nxa5 {[%emt 0:00:37]} Kc7 32. Rd2 {[%emt 0:03:14]} Nc8 {
[%emt 0:01:08]} 33. Rc2 {[%emt 0:02:51]} Ne7 {[%emt 0:03:34]} 34. Nxe7 {
[%emt 0:01:26]} Rxe7 {[%emt 0:00:18]} 35. Nc4 {[%emt 0:02:01]} Nd4 {[%emt 0:01:
26]} 36. Rf2 {[%emt 0:00:21]} Re8 {[%emt 0:00:14]} 37. g3 {[%emt 0:02:53]} Ra8
{[%emt 0:01:33]} 38. a5 {[%emt 0:00:05]} Nb3+ {[%emt 0:00:28]} 39. Kc2 Nxa5 {
[%emt 0:00:04]} 40. Ne3 {[%emt 0:00:31]} Rb8 {[%emt 0:02:32]} 41. f4 {[%emt 0:
05:42]} exf4 {[%emt 0:10:10]} 42. Rxf4 {[%emt 0:00:14]} Nb3 {[%emt 0:01:40]}
43. e5 {[%emt 0:08:29]} Nd4+ {[%emt 0:00:25]} 44. Kb1 {[%emt 0:00:18]} Rb3 {
[%emt 0:05:54]} 45. Nc4 {[%emt 0:05:01]} Ne6 {[%emt 0:03:16]} 46. Rg4 {[%emt 0:
01:25]} f5 {[%emt 0:01:49]} 47. Rg6 Kd7 {[%emt 0:00:27]} 48. Kc2 {[%emt 0:03:
27]} Rb4 {[%emt 0:03:41]} 49. Kc3 {[%emt 0:00:32]} Rb8 {[%emt 0:02:26]} 50. Ne3
{[%emt 0:01:02]} Rf8 {[%emt 0:00:29]} 51. Ng2 {[%emt 0:00:21]} Re8 {[%emt 0:04:
38]} 52. Nf4 {[%emt 0:00:22]} Re7 {[%emt 0:00:11]} 53. Nxe6 {[%emt 0:05:17]}
Rxe6 {[%emt 0:00:10]} 54. Rxg7+ {[%emt 0:00:04]} Kd8 {[%emt 0:00:29]} 55. Rg6 {
[%emt 0:01:53]} Rxe5 {[%emt 0:00:31]} 56. Rxc6 {[%emt 0:01:21]} f4 {[%emt 0:02:
14]} 57. Rxh6 {[%emt 0:02:21]} fxg3 {[%emt 0:00:27]} 58. Rg6 {[%emt 0:00:09]}
Rxh5 {[%emt 0:00:34]} 59. Rxg3 Kc7 {[%emt 0:01:11]} 60. Kc4 {[%emt 0:00:20]}
Kb6 {[%emt 0:00:31]} 61. Rg6+ {[%emt 0:00:14]} Kb7 {[%emt 0:00:34]} 62. Kb5 {
[%emt 0:01:51]} Rh2 {[%emt 0:00:07]} 63. b3 {[%emt 0:00:44]} Rh3 {[%emt 0:00:
38]} 64. Rg7+ {[%emt 0:00:17]} Kc8 {[%emt 0:00:40]} 65. Kc6 {[%emt 0:00:27]}
Kd8 {[%emt 0:00:26]} 66. Rb7 {[%emt 0:00:11]} Rc3 {[%emt 0:00:36]} 67. Kd5 {
[%emt 0:00:34]} Kc8 {[%emt 0:00:39]} 68. Rb5 {[%emt 0:00:07]} Kd7 {[%emt 0:00:
10]} 1/2-1/2

[Event "Sparkassen-Open A"]
[Site "Heusenstamm, Martinsee"]
[Date "2021.11.20"]
[Round "4.9"]
[White "Bethke, Richard"]
[Black "Kather, Yannick"]
[Result "1-0"]
[WhiteElo "2330"]
[BlackElo "2147"]
[PlyCount "99"]
[EventDate "2021.??.??"]
[WhiteTeam "SF Neuberg"]
[BlackTeam "SW Lichtenrade"]

{[%evp 0,9,19,17,53,42,42,19,19,19,68,23]} 1. e4 {[%emt 0:00:40]} c5 2. Nf3 {
[%emt 0:00:03]} Nc6 3. d4 cxd4 {[%emt 0:00:04]} 4. Nxd4 {[%emt 0:00:11]} g6 {
[%emt 0:00:03]} 5. c4 {[%emt 0:00:13]} Nf6 {[%emt 0:00:10]} 6. Nc3 d6 {[%emt 0:
00:11]} 7. f3 {[%emt 0:00:06]} Nxd4 {[%emt 0:00:55]} 8. Qxd4 Bg7 {[%emt 0:00:
04]} 9. Be3 {[%emt 0:00:09]} O-O {[%emt 0:00:05]} 10. Qd2 {[%emt 0:00:07]} a5 {
[%emt 0:00:55]} 11. Na4 {[%emt 0:00:03]} Nd7 {[%emt 0:04:38]} 12. O-O-O {
[%emt 0:00:58]} Qc7 {[%emt 0:08:49]} 13. Kb1 {[%emt 0:02:19]} Nc5 {[%emt 0:10:
17]} 14. Nc3 {[%emt 0:08:32]} Bd7 {[%emt 0:17:39]} 15. Nd5 {[%emt 0:12:54]} Qd8
{[%emt 0:00:58]} 16. Nxe7+ {[%emt 0:00:47]} Qxe7 17. Qxd6 {[%emt 0:00:44]} Qxd6
{[%emt 0:19:26]} 18. Rxd6 {[%emt 0:01:09]} b6 19. Bxc5 {[%emt 0:01:45]} bxc5
20. Rxd7 Rab8 {[%emt 0:06:47]} 21. Rd2 {[%emt 0:03:43]} Rb4 {[%emt 0:00:27]}
22. Bd3 {[%emt 0:06:26]} Rfb8 {[%emt 0:01:37]} 23. b3 {[%emt 0:00:35]} a4 24.
Bc2 {[%emt 0:01:22]} Rxc4 {[%emt 0:01:26]} 25. Rd5 {[%emt 0:08:14]} axb3 {
[%emt 0:04:06]} 26. Bxb3 {[%emt 0:00:42]} Rc3 {[%emt 0:00:43]} 27. Rhd1 {
[%emt 0:01:19]} Bd4 {[%emt 0:06:13]} 28. e5 {[%emt 0:05:49]} Rb7 {[%emt 0:02:
28]} 29. h4 {[%emt 0:05:23]} h5 {[%emt 0:01:36]} 30. g4 {[%emt 0:03:48]} hxg4 {
[%emt 0:00:52]} 31. fxg4 {[%emt 0:00:19]} Re3 {[%emt 0:00:42]} 32. h5 {[%emt 0:
01:59]} gxh5 {[%emt 0:03:27]} 33. gxh5 {[%emt 0:01:41]} Rh3 {[%emt 0:01:32]}
34. Kc1 {[%emt 0:05:59]} Re7 {[%emt 0:01:50]} 35. Rf1 {[%emt 0:11:09]} Kg7 {
[%emt 0:01:17]} 36. Rf5 {[%emt 0:03:23]} Rh2 {[%emt 0:00:36]} 37. Kd1 {[%emt 0:
01:36]} Rg2 {[%emt 0:02:37]} 38. Bc2 {[%emt 0:05:19]} Ra7 {[%emt 0:00:54]} 39.
a4 {[%emt 0:05:19]} Rb7 {[%emt 0:00:42]} 40. Rd6 {[%emt 0:01:12]} Rb2 {[%emt 0:
00:51]} 41. h6+ {[%emt 0:02:18]} Kh8 {[%emt 0:11:25]} 42. Rd8+ {[%emt 0:01:23]}
Rg8 {[%emt 0:00:41]} 43. Rxg8+ {[%emt 0:01:29]} Kxg8 {[%emt 0:00:49]} 44. h7+ {
[%emt 0:00:16]} Kxh7 {[%emt 0:02:55]} 45. Rxf7+ {[%emt 0:00:15]} Kg8 {[%emt 0:
00:04]} 46. e6 {[%emt 0:00:04]} Rb8 {[%emt 0:00:06]} 47. Bh7+ {[%emt 0:00:45]}
Kh8 {[%emt 0:00:12]} 48. e7 {[%emt 0:00:03]} Bg7 {[%emt 0:00:10]} 49. Bg6 {
[%emt 0:00:04]} Re8 {[%emt 0:01:28]} 50. Rxg7 {[%emt 0:00:20]} 1-0

[Event "Sparkassen-Open A"]
[Site "Heusenstamm, Martinsee"]
[Date "2021.11.20"]
[Round "4.10"]
[White "Müdder, Rafael"]
[Black "Podat, Vladimir"]
[Result "0-1"]
[WhiteElo "1999"]
[BlackElo "2311"]
[PlyCount "40"]
[EventDate "2021.??.??"]
[WhiteTeam "SG Solingen"]
[BlackTeam "SC Untergrombach"]

{[%evp 0,11,19,17,67,58,55,40,47,37,39,18,27,16]} 1. e4 {[%emt 0:13:28]} c6 {
[%emt 0:00:33]} 2. Nf3 {[%emt 0:01:08]} d5 {[%emt 0:00:09]} 3. exd5 {[%emt 0:
02:22]} cxd5 {[%emt 0:00:26]} 4. d4 {[%emt 0:00:12]} Nc6 {[%emt 0:00:29]} 5.
Bd3 {[%emt 0:04:18]} Bg4 {[%emt 0:00:14]} 6. c3 {[%emt 0:00:37]} Qc7 {[%emt 0:
02:09]} 7. Be3 {[%emt 0:02:34]} e6 {[%emt 0:00:25]} 8. Nbd2 Bd6 {[%emt 0:00:37]
} 9. h3 {[%emt 0:05:26]} Bh5 {[%emt 0:00:15]} 10. Qc2 {[%emt 0:05:13]} Bg6 {
[%emt 0:01:05]} 11. Bxg6 {[%emt 0:01:57]} hxg6 {[%emt 0:00:36]} 12. O-O-O {
[%emt 0:00:04]} Nf6 {[%emt 0:01:26]} 13. Kb1 {[%emt 0:00:51]} a6 {[%emt 0:09:
17]} 14. c4 {[%emt 0:08:33]} dxc4 {[%emt 0:07:20]} 15. Nxc4 {[%emt 0:01:43]}
Rc8 {[%emt 0:02:13]} 16. d5 {[%emt 0:15:59]} Nxd5 {[%emt 0:00:40]} 17. Rxd5 {
[%emt 0:08:53]} exd5 {[%emt 0:00:11]} 18. Bb6 {[%emt 0:00:29]} Qb8 {[%emt 0:00:
14]} 19. Ba7 {[%emt 0:05:50]} Nxa7 {[%emt 0:01:26]} 20. Nxd6+ {[%emt 0:00:11]}
Qxd6 {[%emt 0:00:14]} 0-1

[Event "Sparkassen-Open A"]
[Site "Heusenstamm, Martinsee"]
[Date "2021.11.20"]
[Round "4.11"]
[White "Baltic, Fatih"]
[Black "Bakiev, Diyor"]
[Result "1/2-1/2"]
[WhiteElo "2303"]
[BlackElo "2107"]
[PlyCount "120"]
[EventDate "2021.??.??"]
[WhiteTeam "SV Mülheim-Nord"]
[BlackTeam "Wiesbadener SV"]

{[%evp 0,7,19,19,15,-7,26,11,20,24]} 1. d4 {[%emt 0:12:48]} Nf6 {[%emt 0:00:19]
} 2. Bg5 {[%emt 0:00:03]} e6 {[%emt 0:03:06]} 3. e4 {[%emt 0:01:36]} d5 {
[%emt 0:08:25]} 4. Nc3 {[%emt 0:00:51]} dxe4 {[%emt 0:04:03]} 5. Nxe4 {[%emt 0:
00:32]} Be7 {[%emt 0:00:41]} 6. Bxf6 Bxf6 {[%emt 0:00:15]} 7. Nxf6+ {[%emt 0:
00:21]} Qxf6 {[%emt 0:00:32]} 8. Nf3 {[%emt 0:00:03]} c5 {[%emt 0:03:13]} 9. c3
{[%emt 0:03:39]} cxd4 {[%emt 0:01:38]} 10. Qxd4 {[%emt 0:00:22]} Qxd4 {[%emt 0:
00:35]} 11. Nxd4 {[%emt 0:00:07]} Nc6 {[%emt 0:07:31]} 12. Nxc6 {[%emt 0:15:02]
} bxc6 {[%emt 0:00:07]} 13. O-O-O {[%emt 0:01:02]} Ke7 {[%emt 0:09:08]} 14. b4
{[%emt 0:17:50]} Bb7 {[%emt 0:06:30]} 15. f3 {[%emt 0:01:50]} a5 {[%emt 0:08:
32]} 16. Kb2 {[%emt 0:05:44]} Ba6 {[%emt 0:05:31]} 17. Bxa6 {[%emt 0:12:00]}
Rxa6 {[%emt 0:01:04]} 18. a3 {[%emt 0:01:10]} Rb8 {[%emt 0:05:07]} 19. Rhe1 {
[%emt 0:01:05]} c5 {[%emt 0:02:41]} 20. Re4 {[%emt 0:00:19]} axb4 {[%emt 0:02:
57]} 21. axb4 {[%emt 0:07:18]} Rba8 {[%emt 0:08:45]} 22. bxc5 {[%emt 0:03:01]}
Ra2+ {[%emt 0:02:31]} 23. Kb3 {[%emt 0:00:07]} Rxg2 {[%emt 0:02:18]} 24. Rb4 {
[%emt 0:05:07]} Rc8 {[%emt 0:01:18]} 25. Rb7+ {[%emt 0:00:14]} Kf6 {[%emt 0:00:
41]} 26. Rdd7 {[%emt 0:00:38]} Rxc5 {[%emt 0:02:41]} 27. Rxf7+ {[%emt 0:00:39]}
Ke5 28. Rxg7 {[%emt 0:00:49]} Rxh2 {[%emt 0:01:41]} 29. Rxh7 {[%emt 0:01:38]}
Rxh7 {[%emt 0:00:14]} 30. Rxh7 {[%emt 0:00:28]} Kd6 {[%emt 0:02:05]} 31. Rh4 {
[%emt 0:03:05]} Rf5 {[%emt 0:01:03]} 32. Rd4+ {[%emt 0:00:38]} Kc6 {[%emt 0:01:
14]} 33. Rd3 {[%emt 0:01:59]} Rf4 {[%emt 0:01:07]} 34. Re3 {[%emt 0:00:34]} Kd5
{[%emt 0:00:53]} 35. Kc2 {[%emt 0:01:05]} e5 {[%emt 0:01:44]} 36. Kd3 {[%emt 0:
00:12]} Rf5 {[%emt 0:01:40]} 37. c4+ {[%emt 0:02:10]} Kd6 {[%emt 0:00:05]} 38.
Kd2 {[%emt 0:01:22]} Kc6 {[%emt 0:01:33]} 39. Kd3 {[%emt 0:00:55]} Kd6 40. Kd2
{[%emt 0:00:53]} Kc6 {[%emt 0:00:41]} 41. Kc3 Kc5 {[%emt 0:00:41]} 42. Rd3 {
[%emt 0:00:20]} Rf4 {[%emt 0:00:46]} 43. Rd5+ {[%emt 0:00:06]} Kc6 {[%emt 0:00:
07]} 44. Rxe5 {[%emt 0:00:12]} Rxf3+ {[%emt 0:00:15]} 45. Kb4 Rf6 {[%emt 0:00:
36]} 46. Ra5 {[%emt 0:00:40]} Kb6 {[%emt 0:02:48]} 47. c5+ {[%emt 0:00:11]} Kb7
{[%emt 0:00:22]} 48. Kb5 {[%emt 0:00:42]} Rh6 {[%emt 0:00:34]} 49. Ra4 Rg6 50.
Rh4 {[%emt 0:00:12]} Rf6 {[%emt 0:00:31]} 51. Rh7+ {[%emt 0:00:24]} Kb8 {
[%emt 0:00:40]} 52. Rd7 {[%emt 0:00:48]} Kc8 {[%emt 0:00:29]} 53. Re7 {[%emt 0:
01:02]} Rg6 {[%emt 0:00:22]} 54. Kc4 {[%emt 0:00:24]} Rg4+ {[%emt 0:02:56]} 55.
Kd5 {[%emt 0:00:34]} Rg5+ {[%emt 0:01:08]} 56. Re5 {[%emt 0:00:21]} Rxe5+ {
[%emt 0:00:26]} 57. Kxe5 {[%emt 0:00:03]} Kc7 {[%emt 0:00:04]} 58. Kd5 {
[%emt 0:00:04]} Kd7 {[%emt 0:00:04]} 59. c6+ Kc7 {[%emt 0:00:11]} 60. Kc5 Kc8 {
[%emt 0:00:06]} 1/2-1/2

[Event "Sparkassen-Open A"]
[Site "Heusenstamm, Martinsee"]
[Date "2021.11.20"]
[Round "4.12"]
[White "Suvorov, Luca"]
[Black "Lohr, Matthias"]
[Result "1/2-1/2"]
[WhiteElo "2280"]
[BlackElo "2063"]
[PlyCount "119"]
[EventDate "2021.??.??"]
[WhiteTeam "SG Porz"]
[BlackTeam "TSV Schott Mainz"]

{[%evp 0,15,19,15,15,2,2,2,2,2,2,-11,15,19,40,37,30,32]} 1. d4 {[%emt 0:11:32]}
d5 {[%emt 0:00:27]} 2. c4 {[%emt 0:00:28]} e6 {[%emt 0:00:14]} 3. Nc3 {[%emt 0:
00:06]} Nf6 {[%emt 0:00:16]} 4. cxd5 {[%emt 0:00:27]} exd5 {[%emt 0:00:10]} 5.
Bg5 {[%emt 0:00:27]} Be7 {[%emt 0:00:20]} 6. e3 {[%emt 0:00:17]} c6 7. Bd3 {
[%emt 0:00:21]} h6 {[%emt 0:00:41]} 8. Bh4 {[%emt 0:04:15]} O-O {[%emt 0:01:10]
} 9. Nge2 {[%emt 0:10:37]} Re8 {[%emt 0:02:58]} 10. O-O {[%emt 0:11:24]} Nh5 {
[%emt 0:01:28]} 11. Bxe7 {[%emt 0:01:34]} Qxe7 {[%emt 0:00:31]} 12. a3 {
[%emt 0:05:15]} Nd7 {[%emt 0:02:03]} 13. b4 {[%emt 0:07:57]} a6 {[%emt 0:00:15]
} 14. Qb3 {[%emt 0:02:28]} b5 {[%emt 0:20:30]} 15. a4 {[%emt 0:27:44]} Nb6 {
[%emt 0:08:50]} 16. Rfe1 {[%emt 0:03:19]} Be6 {[%emt 0:04:58]} 17. Ra2 {
[%emt 0:03:01]} Nc4 {[%emt 0:09:48]} 18. Qb1 {[%emt 0:01:35]} Qh4 {[%emt 0:09:
28]} 19. Bxc4 {[%emt 0:03:43]} bxc4 {[%emt 0:01:38]} 20. Rb2 {[%emt 0:01:41]}
g6 {[%emt 0:03:25]} 21. Ng3 {[%emt 0:00:19]} Nf6 {[%emt 0:06:22]} 22. f3 {
[%emt 0:00:22]} h5 {[%emt 0:00:49]} 23. Rf2 {[%emt 0:00:37]} Rab8 {[%emt 0:03:
20]} 24. a5 {[%emt 0:00:38]} Rb7 {[%emt 0:01:08]} 25. Na4 {[%emt 0:00:27]} Nd7
{[%emt 0:01:21]} 26. Rb2 {[%emt 0:00:07]} Reb8 {[%emt 0:00:13]} 27. Ree2 {
[%emt 0:00:58]} Qe7 {[%emt 0:01:55]} 28. Nc5 {[%emt 0:00:09]} Nxc5 {[%emt 0:00:
15]} 29. dxc5 {[%emt 0:00:45]} h4 {[%emt 0:03:22]} 30. Nf1 {[%emt 0:00:33]} Rb5
{[%emt 0:00:04]} 31. Qe1 {[%emt 0:00:20]} Qb7 {[%emt 0:02:21]} 32. Qxh4 {
[%emt 0:00:40]} Rxb4 {[%emt 0:00:04]} 33. Rbc2 {[%emt 0:00:47]} Rb1 {[%emt 0:
01:19]} 34. Qd4 {[%emt 0:00:24]} Qb5 {[%emt 0:03:21]} 35. h4 {[%emt 0:00:31]}
Qxa5 {[%emt 0:00:29]} 36. Ra2 {[%emt 0:00:38]} Qb5 {[%emt 0:01:29]} 37. h5 {
[%emt 0:00:29]} gxh5 {[%emt 0:00:24]} 38. g4 {[%emt 0:00:40]} c3 {[%emt 0:03:
55]} 39. gxh5 {[%emt 0:01:04]} Kh7 {[%emt 0:00:04]} 40. Kf2 {[%emt 0:00:22]}
Rb2 {[%emt 0:00:30]} 41. Ng3 {[%emt 0:07:09]} Rxa2 {[%emt 0:01:49]} 42. Rxa2 {
[%emt 0:03:49]} Qc4 {[%emt 0:14:39]} 43. Qxc4 {[%emt 0:02:26]} dxc4 {[%emt 0:
00:05]} 44. Ne2 {[%emt 0:01:08]} c2 {[%emt 0:05:55]} 45. Rxc2 {[%emt 0:01:51]}
Rb5 {[%emt 0:00:14]} 46. e4 {[%emt 0:10:56]} Rxc5 {[%emt 0:00:24]} 47. Ke3 {
[%emt 0:02:36]} a5 {[%emt 0:12:51]} 48. Nf4 {[%emt 0:04:11]} a4 {[%emt 0:02:20]
} 49. Kd4 {[%emt 0:00:42]} Ra5 {[%emt 0:00:16]} 50. Nxe6 {[%emt 0:00:41]} fxe6
{[%emt 0:00:05]} 51. Kxc4 {[%emt 0:00:15]} a3 {[%emt 0:00:59]} 52. Kb3 {
[%emt 0:00:24]} Kh6 {[%emt 0:02:53]} 53. Ka2 {[%emt 0:00:43]} c5 {[%emt 0:00:
42]} 54. Rh2 {[%emt 0:00:17]} c4 {[%emt 0:00:14]} 55. f4 {[%emt 0:00:24]} Rxh5
{[%emt 0:02:16]} 56. Rxh5+ {[%emt 0:00:11]} Kxh5 {[%emt 0:00:14]} 57. Kxa3 {
[%emt 0:00:10]} Kg4 {[%emt 0:00:11]} 58. f5 {[%emt 0:00:05]} exf5 {[%emt 0:00:
21]} 59. exf5 Kxf5 60. Kb4 {[%emt 0:00:05]} 1/2-1/2